000
00324nam a22001457a 4500
008
210511b ||||| |||| 00| 0 eng d
020
_a
2900763764080
041
_a
eng
080
_2
2nd
_a
615
082
_a
615
100
_a
5
101
_a
FAR
245
_a
Pharmaceutical Care
_c
Nathaniel M. Rickles
942
_2
udc
_c
BK
999
_c
57184
_d
57184